000 00609nmm a2200193Ia 4500
008 251105s9999||||xx |||||||||||||||||und||
041 _aspa
100 _aSilvestre, María
245 0 _aEl empoderamiento de las mujeres como estrategia de intervención social
264 _a[Madrid, España] :
_bUniversidad de Deusto,
_c2014
300 _a556 páginas
490 _aGris - Serie Maior
650 _aGender and Women Studies
700 _aSilvestre, María
700 1 _a Royo, Raquel
700 1 _a Escudero, Ester (eds.)
856 _uhttps://public.digitaliapublishing.com/a/37396
942 _cCF
999 _c71453
_d71453